| 000 | 00520nam a2200181 a 4500 | ||
|---|---|---|---|
| 005 | 20220622063538.0 | ||
| 008 | 991125s1984 mx 000 0 spa u | ||
| 020 | _a9684162286 | ||
| 035 | _aUPN01000155655 | ||
| 049 | _aI | ||
| 050 | 4 |
_aPZ10.3 _bC6.3 |
|
| 100 | 1 |
_aCosgrove, Stephen Edward, _d1945- _943020 |
|
| 245 | 1 | 0 |
_aEn busca del huchapótamo / _cStephen Cosgrove. |
| 260 |
_aMéxico : _bFernández, _c1984. |
||
| 300 |
_a[16] h. : _bil. col. |
||
| 650 | 0 |
_aAnimales _vCuentos y leyendas _9234 |
|
| 905 | _aInfantil | ||
| 999 |
_c127770 _d127770 |
||